| 000 | 00850nam a22002177a 4500 | ||
|---|---|---|---|
| 008 | 230110s2021 xxk||||| |||| 00| 0 eng d | ||
| 020 | _a978152791607 | ||
| 041 | _aeng | ||
| 050 | _a643.7 | ||
| 100 | _aClarke, Keith James | ||
| 245 |
_aHome Improvements _b ideas from an architect |
||
| 300 |
_a110p. _c25cm |
||
| 365 | _bDonated | ||
| 500 | _aDonated by the author | ||
| 520 | _aA colour illustrated book aimed at the homeowner who wants to improve the quality of their home through a project as well as those developing their skills in the building industry. Case studies illustrate each potential project, from storage cupboard or loft conversion to walk-in-wardrobe or kitchen design. | ||
| 650 | _aHome improvements | ||
| 650 | _aArchitecture | ||
| 651 | _aUnited Kingdom | ||
| 690 |
_96234 _aDesign & specification |
||
| 942 | _n0 | ||
| 999 |
_c121304 _d121304 |
||